| 000 | 01939cam a2200361 i 4500 | ||
|---|---|---|---|
| 001 | 768714001 | ||
| 003 | CO-MdFUSB | ||
| 005 | 20210527155040.0 | ||
| 007 | ta | ||
| 008 | 720324t1964 nyu b 001 0 eng d | ||
| 010 | _a 64020200 | ||
| 020 | _a[No incluye ISBN] | ||
| 040 |
_aWSU _beng _cCO-MdFUSB _dPGC _dCO-MdFUSB _dGHS _dOCLCQ _dMUQ _dOCLCQ _dDRB _dOCLCG _dHNW _dOCLCQ _dOCLCF _dOCLCQ _dOCL _dOCLCO _dOCL _dSNN _dOCLCQ _dNYHOF _dOCLCQ _erda |
||
| 041 | _aeng | ||
| 082 |
_223 _a270.6 _bP384 |
||
| 100 | 1 |
_aPelikan, Jaroslav, _d1923-2006. _eautor |
|
| 245 | 1 | 0 |
_aObedient rebels : _bcatholic substance and protestant principle in Luther's Reformation _c/ Jaroslav Pelikan. |
| 250 | _aprimera edición | ||
| 264 | 1 |
_aNew York : _bHarper and Row, _c[1964] |
|
| 264 | 4 | _c© 1964 | |
| 300 |
_a212 páginas ; _c24 cm. |
||
| 336 |
_atexto _btxt _2rdacontent. |
||
| 337 |
_asin mediación _bn _2rdamedia. |
||
| 338 |
_avolumen _bnc _2rdacarrier. |
||
| 504 | _aIncluye referencias bibliográficas e indice. | ||
| 505 | _aLa paradoja de la Reforma de Lutero - pt. 1. Reverencia crítica hacia la tradición. Iglesia e historia de la iglesia - El significado de la tradición - La autoridad de los consejos de la iglesia - La preservación de la sustancia litúrgica católica - El principio protestante en la adoración - pt. 2. Unidad a pesar de la separación. Padres y reformadores - Negociaciones hacia la unidad - El reformador irénico - Un consenso de reforma - pt. 3. Sustancia católica y principio protestante hoy. Catolicismo evangélico y catolicismo contemporáneo - Sustancia católica en el protestantismo contemporáneo - El contexto católico de la teología protestante - Catolicismo evangélico y sus tareas teológicas. | ||
| 563 | _aRústico | ||
| 600 | 1 | 7 |
_aLuther, Martin _d(1483-1546) |
| 650 | 0 |
_9285 _aHistoria de la Iglesia _z(Edad Media), ca. 600-1500 |
|
| 942 | _cBK | ||
| 945 | _aJTF-925 | ||
| 999 |
_c66307 _d66307 |
||